000 00867nam a22002658a 4500
008
020 _a0824780868 (hbk.)
049 _aMAIN
090 _aTA165
_bTSE
100 1 _aTse, Francis S.
245 1 0 _aMeasurement and instrumentation in engineering :
_bprinciples and basic laboratory experiments /
_cFrancis S. Tse, Ivan E. Morse.
260 _aNew York :
_bM. Dekker,
_cc1989.
300 _axviii, 757 p. :
_bill. ;
_c24 cm.
440 _aMechanical engineering ;
_v67.
504 _aIncludes bibliographical references.
500 _aIncludes index.
650 0 _aEngineering instruments.
650 0 _aEngineering instruments
_xExperiments.
700 1 _aMorse, Ivan E.
907 _a.b10218567
_b08-05-12
_c02-11-06
003
005 20230123134300.0
040 _cNUST
942 _cBOOKS
_kTA165
_mTSE
999 _c163178
_d163178